A Textbook of Applied Microbiology and Infection Control Including Safety: (Record no. 1641)

MARC details
000 -LEADER
Fixed length control field 00624nam a2200193Ia 4500
003 - CONTROL NUMBER IDENTIFIER
Control field IIN
005 - DATE AND TIME OF LATEST TRANSACTION
Control field 20240205152430.0
008 - FIXED-LENGTH DATA ELEMENTS--GENERAL INFORMATION
Fixed length control field 231217s9999 xx 000 0 und d
020 ## - INTERNATIONAL STANDARD BOOK NUMBER / ISBN
Price Rs.280.00
International Standard Book Number 9789354516474 (pbk)
040 ## - CATALOGING SOURCE
Original cataloging agency IIN
Language of cataloging English
082 ## - DEWEY DECIMAL CLASSIFICATION NUMBER
Classification number 616.9042
Book Number KOK
100 1# - MAIN ENTRY--PERSONAL NAME
Personal name Kokare, Chandrakant
245 #2 - TITLE STATEMENT
Title A Textbook of Applied Microbiology and Infection Control Including Safety:
Sub title for B.Sc Nursing 3rd sem /
Statement of responsibility Chandrakant Kokare & Amruta Menkudale
260 ## - IMPRINT
Place of publication Pune :
Name of publisher Nirali Prakashan,
Date of publication 2023
300 ## - PHYSICAL DESCRIPTION
Page / Vol. No 15.4p.
650 1# - SUBJECT ADDED ENTRY--TOPICAL TERM
Topical term Microbiology
650 1# - SUBJECT ADDED ENTRY--TOPICAL TERM
Topical term Infection Control, Microbiology
942 ## - ADDED ENTRY ELEMENTS (KOHA)
Koha item type Books
Holdings
Withdrawn status Lost status Damaged status Not for loan Collection code Home library Current library Date acquired Price Total Checkouts Call number Accession number Date last seen Price effective from Koha item type Source of classification Shelving location
          IDEAL INSTITUTE OF NURSING IDEAL INSTITUTE OF NURSING 17/12/2023 280.00   616.9042/KOK D15 17/12/2023 17/12/2023 Books    
        Purches Book IDEAL INSTITUTE OF NURSING IDEAL INSTITUTE OF NURSING 11/03/2025 280.00   616.9042 KOK 1886 12/04/2025 12/04/2025 Books Dewey Decimal Classification General Stacks
© Ideal Institute Of Nursing, All rights reserved.         Powered by Koha